National Birds of Southeast Asia - Statistics

General Stats
  • This quiz has been taken 15 times
  • The average score is 6 of 8
Answer Stats
Picture Hint Answer % Correct
Myanmar Gray Peacock-pheasant
92%
Indonesia Javan Hawk-eagle
83%
Philippines Philippine Eagle
83%
Malaysia Rhinoceros Hornbill
83%
Brunei White-bellied Sea Eagle
83%
Cambodia Giant Ibis
75%
Laos, Thailand Siamese Fireback
67%
Singapore Crimson Sunbird
58%
No matching quizzes found
Score Distribution
Percent of People with Each Score
Percentile by Number Answered
Your Score History
You have not taken this quiz